ระบบห้องสมุดอัตโนมัติ ULibM
วิทยาลัยพยาบาลบรมราชชนนี พระพุทธบาท
เปลี่ยนเป็นภาษาไทย

Change to English
 แสดงรายละเอียดบรรณานุกรม
  กลับหน้าหลัก

Brief Record : Get Marc (ISO 2709) : E-mail record : QR code ปิดหน้าต่าง
สารบัญ Review โดย
รัตนาพร พรมเดช
วิทยาลัยพยาบาลบรมราชชนนี พระพุทธบาท
รัตนาพร พรมเดช เมื่อ8/พฤศจิกายน/2567
บทที่ 
1 หัตถการเพื่อการวินิจฉัย
2 หัตถการเพื่อการรักษา
3 การแนะนำผู้ป่วย
4 การแปลผลตรวจทางห้องปฏิบัติการ

E-books : เกี่ยวกับ Collections
LEADER 00000nam 2200000uu 4500
001    13399129282
003     ULIBM
008    020711s2561 th a 000 0 tha d
020    9786164073197
060    WB115 B369 2561
100    บรรณาธิการ, นฤชา จิรกาลวสาน
245    Beat the OSCE
250    พิมพ์ครั้งที่ 5
260    กรุงเทพฯ :^bภาควิชาอายุรศาสตร์ คณะแพทยศาสตร์ จุฬาลงกรณ์มหาวิทยาลัย,^c2561
300    211 หน้า ;^c21 ซม.
501    Bookshelf: WB 2/2
700 0  บรรณาธิการ, เจตน์ วิทิตสุวรรณกุล
700 0  บรรณาธิการ, ยงเกษม วรเศรษฐการกิจ
700 0  บรรณาธิการ, วรวรรณ ศิริชนะ
700 0  บรรณาธิการ, พลภัทร โรจน์นครินทร์
999    ^aนางสาวณิชาพร เกตุศีระ
รายการนี้ยังไม่มีแท็ก
คุณยังไม่ได้ล็อกอิน คุณสามารถมีกิจกรรมร่วมกับเว็บไซต์ได้ แต่ต้องล็อกอินก่อน ::
  ล็อกอิน
ลำดับที่ ประเภท เลขเรียก สถานที่ สถานะ
1.
WB115 B369 2561 c.1 
  
วิทยาลัยพยาบาลบรมราชชนนี พระพุทธบาท
►หนังสือทั่วไป
On Shelf
2.
WB115 B369 2561 c.2 
  
วิทยาลัยพยาบาลบรมราชชนนี พระพุทธบาท
►หนังสือทั่วไป
On Shelf
   [แสดง 2/2 รายการ]

Bib 13399129282